Velká encyklopedie her. I. svazek, Hry v přírodě /
Uloženo v:
| Hlavní autor: | |
|---|---|
| Další autoři: | |
| Médium: | Kniha |
| Jazyk: | Czech |
| Vydáno: |
Praha :
Olympia,
1985
|
| Vydání: | Vyd. 1. |
| Témata: |
příroda
> volný čas
> využití
> hry
> hry v přírodě
> táboření
> návody
> náměty
> příručky
> encyklopedie
|
| Celkem bylo vypůjčeno: | 1x |
| Tagy: |
Žádné tagy |
| LEADER | 01040nam a2200277 a 4500 | ||
|---|---|---|---|
| 001 | 50594 | ||
| 005 | 20240330061017.0 | ||
| 008 | 010604s1985----xr ---------u-------cze-d | ||
| 015 | |a cnb000029635 | ||
| 020 | |c 48.00 Kč | ||
| 040 | |a UOG502 |e AACR2 |9 1 |b cze | ||
| 080 | |a 796/799 | ||
| 080 | |a 796.1/.3 | ||
| 080 | |a 796.5 | ||
| 100 | 1 | |a Zapletal, Miloš, |d 1930- |7 jk01152116 |4 aut |9 28061 | |
| 245 | 1 | 0 | |a Velká encyklopedie her. |n I. svazek, |p Hry v přírodě / |c Miloš Zapletal ; [ilustroval Marko Čermák] |
| 250 | |a Vyd. 1. | ||
| 260 | |a Praha : |b Olympia, |c 1985 | ||
| 300 | |a 629 s., obr. | ||
| 504 | |a Obsahuje literaturu | ||
| 653 | |a příroda |a volný čas |a využití |a hry |a hry v přírodě |a táboření |a návody |a náměty |a příručky |a encyklopedie | ||
| 700 | 1 | |a Čermák, Marko, |d 1940- |7 jn20001005428 |4 ill |9 10630 | |
| 910 | |a UOG502 | ||
| 999 | |c 50594 |d 50594 | ||
| 942 | 0 | 0 | |0 1 |
| 993 | |0 0 |1 421180035122 |4 0 |6 796_799000000000000 |7 0 |9 31829 |a 48.00 |b 0 |c 35122 |d 2001-06-04 |e 1 |f SKLAD |g 796/799 |h 48.00 |l SKLAD |r 2021-02-17 |t 5 |w 2017-09-19 |y KN |z NAUCNA | ||